| 000 | 00352nam a2200133Ia 4500 | ||
|---|---|---|---|
| 003 | PILC | ||
| 008 | 220421s2007 xx 000 0 und d | ||
| 040 | _cEARIST LIBRARY | ||
| 100 | _aAltares, Priscila S. et al | ||
| 245 | 0 | _aMathematical Analysis for Business and Economics / | |
| 260 |
_aManila, _bRex : _c2007. |
||
| 999 |
_c2257 _d2257 |
||
| 942 |
_2ddc _cBK |
||